000 00540nam a2200193Ia 4500
008 090124s9999 xx 000 0 und d
082 _b129026
100 _aफॉलेट केन
245 _a आय ऑफ द निडल
250 _a1
260 _c1999
300 _a200
600 _aफॉलेट केन
630 _a आय ऑफ द निडल
700 _aफॉलेट केन
700 _aकुलकर्णी पद्मा
730 _a आय ऑफ द निडल
942 _cBOOK
999 _c175115
_d175115